| 000 | 00356nam a2200133Ia 4500 | ||
|---|---|---|---|
| 008 | 221224s9999||||xx |||||||||||||| ||und|| | ||
| 082 |
_a242 _bJHA/R |
||
| 100 | _aJha, Madanamohana | ||
| 245 | 0 | _aRasa Gangadhara of Panditaraja Sri Jagannatha. | |
| 250 | _a2nd Edition | ||
| 260 |
_aVaranasi _bChaukhambha Vidya bhavan&c1969 |
||
| 300 | _a830 | ||
| 942 | _cVB | ||
| 999 |
_c39726 _d39726 |
||